01673 am a2200277 a 450000500170000000800410001702000150005804100080007310000240008124500810010525000110018626000440019730000220024150001360026364800030039965300960040265300540049865300750055265300820062765301390070965300970084865300810094565301170102665301150114365301370125820240624114527.0100312s2005||||ag # gf|||| 000 0 spa d a9508922141 aspa1 aArmus, DiegoeComp. aAvatares de la medicalización en América Latina 1870-1970 /cDiego Armus a1a ed. aBuenos Aires: bLugar Editorial;c2005. a304 p.c23x16 cm. aArmus, D. (Comp.). (2005). Avatares de la medicalización en América Latina 1870-1970. (1a ed.). Buenos Aires : Lugar Editorial.  aLegados y tendencias en la historiografía sobre la enfermedad en América Latina moderna aBuenos Aires 1871: imagen de la fiebre civilizada aHistorias de enfermos tuberculosos que protestan. Argentina, 1920-1940 aServicios de salud y sistema político: Argentina, Brasil y Chile, 1920-1970 aCondenado por la raza, absuelto por la medicina: el Brasil descubierto por el movimiento médico-higienista de la Primera República aEstrategias anti-coloniales: sifilis, raza e identidad nacional en el Brasil de entreguerras aEnfermedad de chagas como problemática médico social en Brasil 1909-1950 aDiscurso médico, cultura higiénica y la mujer en México entre fines del siglo XIX y comienzos del siglo XX aAscenso y caída de una loca utopía: el Manicomio General en la ciudad de México a comienzos del siglo XX aMestizofilia, biotipología y eugenesia en el Mésico post-revolucionario: hacia una historia de la ciencia y el estado, 1920-1960